| 000 | 00533nam a2200205Ia 4500 | ||
|---|---|---|---|
| 003 | GCL | ||
| 008 | 140319s9999 xx 000 0 aRus d | ||
| 040 |
_aGCL / _cGCL |
||
| 082 | 0 | 4 |
_aCC _b932.071 _bG T |
| 100 | 1 | _aGRIFFTH INSTITUTE | |
| 245 | 1 | 0 |
_aTUT ANKH AMUN / _cGRIFFTH INSTITUTE |
| 260 |
_a[S.N] : _bGRIGGITH INSTITUTE ، _c1965 |
||
| 650 | 0 | 4 | _aTUTANCHAMON |
| 650 | 0 | 4 | _aEGYPT |
| 650 | 0 | 4 | _aANCIENT EGYPT |
| 650 | 0 | 4 | _aEGYPTOLOGY |
| 650 | 0 | 4 | _aTOUTANKHAMON |
| 650 | 0 | 4 | _aANCIENT EGYPTIAN CIVILIZATION |
| 942 |
_2ddc _cBK |
||
| 999 |
_c20636 _d20636 |
||